000 01324nam a2200313 c 4500
999 _c106716
_d106716
003 BLK
005 20191018141837.0
008 180409b bul|||||r ||||||| ||bul||
010 _aKNG00111979000
040 _aBLK
041 _aBUL
_cBUL
072 7 _2bullib
_aА
_xФонд Михаил Арнаудов
080 _aОрганизация на обучението - висше образование
_b378.1
_x(497.2)
_z378.1(497.2)
139 _aАферата професор Ганев и отношението на Академическия съвет към нея
_bА 94
245 1 0 _aАферата професор Ганев и отношението на Академическия съвет към нея
257 _aBGR
260 _bСтуденти математици
_c1910
_fСофия : Г. Чомонев
300 _a50 с.
_c21 см
380 _a3
490 _9396381
_aЧастна колекция - Академик Михаил Арнаудов
_gДарение - Основен фонд
500 _aДатиране на кн.: септ. 1910. - Мека подв.
650 4 _aОбразование - България
_9266901
650 4 _aВисше образование - България
_9243233
659 _aА
852 _aМА 2897
856 4 _qpdf
856 4 _qpdf
942 _cKNG
_n0
_s1
944 _aCR
_c18.11.2016
_kГеновева_Генчева
944 _aED
_c18.11.2016
_kГеновева_Генчева
999 _d106716